| 000 | 00838nam a22002177a 4500 | ||
|---|---|---|---|
| 999 |
_c5112 _d5112 |
||
| 003 | AR-CdUCM | ||
| 008 | 190312b ||||| |||| 00| 0 spa d | ||
| 040 |
_aMUNICIPALIDAD PROVINCIAL DEL CUSCO _cBIBLIOTECA MUNICIPAL DEL CUSCO |
||
| 082 |
_a330.1 / _bM84 |
||
| 100 |
_aMontenegro, Walter _915551 |
||
| 245 | _aIntroducción a las doctrinas político-económicas / | ||
| 260 |
_aMéxico : _bFondo de Cultura Económica, _c1956. |
||
| 300 |
_a202 páginas ; _c17 cm. |
||
| 440 |
_aBrevarios del Fondo de Cultura Económica _n122 _915552 |
||
| 500 | _a4ta edicion de 1965 | ||
| 505 | _aContenido: El fenómeno político -- Liberalismo -- Democracia -- Socialismo utópico -- Socialismo cristiano -- Cooperativismo -- Marxismo | ||
| 650 |
_aEconomía _9382 |
||
| 650 |
_aSocialismo utópico _915553 |
||
| 942 |
_2ddc _cLIBROS |
||
| 945 | _aafb | ||